| 000 | 00457cam a2200205ua 4500 | ||
|---|---|---|---|
| 001 | 8843 | ||
| 005 | 20260515114403.0 | ||
| 008 | 150216n ii |||gr||||Z||||||eng | ||
| 020 | _a9788126912902 | ||
| 040 | _cMAIN | ||
| 041 | _aeng | ||
| 082 | _a823 | ||
| 100 |
_aMiles, R., _eAuthor. |
||
| 245 | 1 |
_aJane Austen _cBy R. Miles |
|
| 250 | _a1st. | ||
| 260 |
_aNew Delhi: _bAtlantic, _c2010. |
||
| 300 | _a175p. | ||
| 653 | _aEnglish fiction | ||
| 942 | _cBK | ||
| 999 |
_c7931 _d7931 |
||